Dopasuj kraj do opisu - P - Statystyki

Ogólne statystyki
  • Ten quiz został rozwiązany 27 razy
  • Średni wynik to 5 z 9
Statystyki odpowiedzi
Wskazówka Państwo % Poprawnych
CR7 Portugalia
88%
Największy zamek na świecie jest w tym kraju Polska
83%
Skrót tego państwa to PNG Papua Nowa-Gwinea
63%
Kojarzona z kanałem Panama
54%
Państwo położone wzdłuż rzeki Indusu Pakistan
50%
Ten kraj nie jest uznawany przez JetPunka Palestyna
46%
Jednym z języków urzędowych tego państwa to keczua Peru
46%
Flaga tego państwa ma dwie strony Paragwaj
38%
Te małe wyspiarskie państewko istnieje ledwo 30 lat Palau
33%
Nie znaleziono quizów pasujących do podanych kryteriów
Rozkład punktacji
Procent ludzi z każdym wynikiem
Percentyl według liczby udzielonych odpowiedzi
Twoja historia wyników
Nie rozwiązałeś tego quizu